Les stations du RER B - Statistiques

Statistiques générales
  • Ce quiz a été pris 1 578 fois
  • Le résultat moyen est 23 sur 46
Statistiques - réponses
Réponse % Correct
Gare du Nord
89%
Châtelet - Les Halles
88%
Luxembourg
79%
Saint-Michel
78%
Cité Universitaire
76%
Denfert-Rochereau
76%
Massy-Palaiseau
74%
Antony
73%
Robinson
69%
Bourg-la-Reine
68%
Port-Royal
68%
Saint-Rémy-lès-Chevreuse
67%
Aéroport Charles-de-Gaulle
64%
Laplace
64%
Gentilly
62%
Arcueil-Cachan
61%
Bagneux
58%
Parc de Sceaux
54%
La Plaine - Stade de France
52%
Palaiseau
52%
Sceaux
52%
Mitry - Claye
50%
Aulnay-sous-Bois
49%
La Croix de Berny
47%
Le Bourget
47%
Gif-sur-Yvette
46%
Massy-Verrières
46%
Drancy
45%
Orsay-Ville
44%
Parc des Expositions
42%
Sevran - Beaudottes
39%
Les Baconnets
38%
Lozère
38%
Villepinte
37%
Fontenay-aux-Roses
35%
Le Guichet
35%
Bures-sur-Yvette
34%
Fontaine Michalon
34%
La Courneuve - Aubervilliers
34%
Le Blanc - Mesnil
33%
Palaiseau-Villebon
33%
Sevran-Livry
29%
La Hacquinière
22%
Vert-Galant
22%
Courcelle-sur-Yvette
20%
Villeparisis - Mitry-le-Neuf
12%
Aucun quiz correspondant
Distribution des résultats
% des personnes avec chaque résultat
Percentile par nombre de réponses
Votre historique - résultats
Vous n’avez pas pris ce quiz